MARC details
| 000 -LEADER |
| fixed length control field |
02062cas a2200589 a 4500 |
| 001 - CONTROL NUMBER |
| control field |
data |
| 005 - DATE AND TIME OF LATEST TRANSACTION |
| control field |
20260322212120.0 |
| 008 - FIXED-LENGTH DATA ELEMENTS--GENERAL INFORMATION |
| fixed length control field |
data |
| 010 ## - LIBRARY OF CONGRESS CONTROL NUMBER |
| LC control number |
87640680 |
| 019 ## - |
| -- |
1052667469 |
| 022 0# - INTERNATIONAL STANDARD SERIAL NUMBER |
| International Standard Serial Number |
1088-2936 |
| Source |
1 |
| 023 0# - CLUSTER ISSN |
| Cluster ISSN |
1088-2936 |
| Source |
1 |
| 035 ## - SYSTEM CONTROL NUMBER |
| System control number |
(OCoLC)10170027 |
| 040 ## - CATALOGING SOURCE |
| Original cataloging agency |
OCO |
| Language of cataloging |
eng |
| Transcribing agency |
OCO |
| Modifying agency |
OCLCQ |
| -- |
NST |
| -- |
DLC |
| -- |
NST |
| -- |
NSD |
| -- |
OCLCQ |
| -- |
OCLCF |
| -- |
OCLCO |
| -- |
JDP |
| -- |
OCLCO |
| -- |
OCLCA |
| -- |
OCLCQ |
| -- |
OCLCL |
| -- |
OCLCQ |
| 042 ## - AUTHENTICATION CODE |
| Authentication code |
nsdp |
| -- |
nsdp |
| 050 00 - LIBRARY OF CONGRESS CALL NUMBER |
| Classification number |
TX1 |
| Item number |
.H55 |
| 082 00 - DEWEY DECIMAL CLASSIFICATION NUMBER |
| Classification number |
641.5/68 |
| Edition information |
19 |
| Real World Object URI |
https://id.oclc.org/worldcat/ddc/E3fgjfgpWCgHHjdMcmcK6qdKFH |
| 210 0# - ABBREVIATED TITLE |
| Abbreviated title |
Holiday cook. |
| 222 #0 - KEY TITLE |
| Key title |
Holiday cooking |
| 245 00 - TITLE STATEMENT |
| Title |
Holiday cooking. |
| 246 13 - VARYING FORM OF TITLE |
| Title proper/short title |
Better homes and gardens holiday cooking |
| Date or sequential designation |
<1995-> |
| 246 18 - VARYING FORM OF TITLE |
| Title proper/short title |
Holiday cookbook |
| Date or sequential designation |
1983 |
| 260 ## - PUBLICATION, DISTRIBUTION, ETC. |
| Place of publication, distribution, etc. |
Des Moines, Iowa : |
| Name of publisher, distributor, etc. |
Special Interest Publications, |
| Date of publication, distribution, etc. |
1983- |
| 300 ## - PHYSICAL DESCRIPTION |
| Extent |
volumes : |
| Other physical details |
illustrations ; |
| Dimensions |
28 cm. |
| 310 ## - CURRENT PUBLICATION FREQUENCY |
| Current publication frequency |
Annual |
| 336 ## - CONTENT TYPE |
| Content type term |
text |
| Content type code |
txt |
| Source |
rdacontent |
| 337 ## - MEDIA TYPE |
| Media type term |
unmediated |
| Media type code |
n |
| Source |
rdamedia |
| 338 ## - CARRIER TYPE |
| Carrier type term |
volume |
| Carrier type code |
nc |
| Source |
rdacarrier |
| 362 0# - DATES OF PUBLICATION AND/OR SEQUENTIAL DESIGNATION |
| Dates of publication and/or sequential designation |
1983- |
| 490 1# - SERIES STATEMENT |
| Series statement |
Better homes and gardens creative ideas |
| 490 1# - SERIES STATEMENT |
| Series statement |
Better homes and gardens special interest publications |
| 588 ## - SOURCE OF DESCRIPTION NOTE |
| Source of description note |
Latest issue consulted: 1995. |
| 590 ## - LOCAL NOTE (RLIN) |
| Local note |
SERBIB/SERLOC merged record |
| 650 #0 - SUBJECT ADDED ENTRY--TOPICAL TERM |
| Topical term or geographic name entry element |
Cooking |
| Form subdivision |
Periodicals. |
| 650 #0 - SUBJECT ADDED ENTRY--TOPICAL TERM |
| Topical term or geographic name entry element |
Christmas cooking |
| Form subdivision |
Periodicals. |
| 650 #0 - SUBJECT ADDED ENTRY--TOPICAL TERM |
| Topical term or geographic name entry element |
Cooking. |
| 650 #0 - SUBJECT ADDED ENTRY--TOPICAL TERM |
| Topical term or geographic name entry element |
Christmas cooking. |
| 650 #7 - SUBJECT ADDED ENTRY--TOPICAL TERM |
| Topical term or geographic name entry element |
Christmas cooking. |
| Source of heading or term |
fast |
| Authority record control number or standard number |
(OCoLC)fst01752988 |
| 650 #7 - SUBJECT ADDED ENTRY--TOPICAL TERM |
| Topical term or geographic name entry element |
Cooking. |
| Source of heading or term |
fast |
| Authority record control number or standard number |
(OCoLC)fst01754966 |
| 655 #7 - INDEX TERM--GENRE/FORM |
| Genre/form data or focus term |
Periodicals. |
| Source of term |
fast |
| Authority record control number or standard number |
(OCoLC)fst01411641 |
| 655 #7 - INDEX TERM--GENRE/FORM |
| Genre/form data or focus term |
Periodicals. |
| Source of term |
lcgft |
| 780 00 - PRECEDING ENTRY |
| Title |
Holiday cooking and entertaining ideas |
| International Standard Serial Number |
0278-7237 |
| Record control number |
(OCoLC)5762464 |
| -- |
(OCoLC)5762464 |
| 830 #0 - SERIES ADDED ENTRY--UNIFORM TITLE |
| Uniform title |
Better homes and gardens creative ideas. |
| 830 #0 - SERIES ADDED ENTRY--UNIFORM TITLE |
| Uniform title |
Better homes and gardens special interest publications. |
| 890 ## - |
| -- |
Holiday cooking. |
| -- |
87-640680 |
| 906 ## - LOCAL DATA ELEMENT F, LDF (RLIN) |
| a |
7 |
| b |
cbc |
| c |
serials |
| d |
3 |
| e |
ncip |
| f |
19 |
| g |
n-oclcserc |
| 920 ## - |
| -- |
Keep 1 |
| 991 ## - |
| -- |
c-GenColl |
| -- |
TX1 |
| -- |
.H55 |
| -- |
SERIALS |
| 992 ## - |
| -- |
B/L |
| -- |
SERLOC |